000 00528nam a2200193Ia 4500
003 OSt
005 20230620160651.0
008 210423s2003 xx 000 0 und d
040 _cAL
041 _aeng
082 _a574.80285 KRAD
100 _aKRANE (Dan E);RAYMER (Michael L).
_998838
245 _aFundamental concepts of bioinformatics.
260 _aNew Delhi
_bPearson Education Pvt Ltd
_c2003
300 _axiii,314
365 _b185
_cINR
906 _abioinformatics. ; concepts ; Fundamental
942 _2ddc
_cBK
999 _c163374
_d163374